| 000 | 00659nam a2200205 a 4500 | ||
|---|---|---|---|
| 005 | 20220811063948.0 | ||
| 008 | 040317s1985 ag r 000 0 spa d | ||
| 020 | _a9505821220 | ||
| 035 | _aUPN01000132691 | ||
| 049 | _aCG | ||
| 050 | 4 |
_aHV40 _bA4.8 |
|
| 100 | 1 |
_aAllende, Cecilia Flavia _928326 |
|
| 245 | 1 | 3 |
_aLa formación en servicio social : _breflexiones para su encuadre / _cCecilia Flavia Allende, María del Carmen Cornejo. |
| 260 |
_aBuenos Aires : _bHvmanitas, _c1985. |
||
| 300 | _a69 p. | ||
| 440 | 0 |
_aCuadernos de servicio social ; _v43 |
|
| 650 | 4 |
_aTrabajo social _96125 |
|
| 700 | 1 |
_aCornejo, María del Carmen, _ecoaut. |
|
| 905 | _aLibro | ||
| 999 |
_c104845 _d104845 |
||